Language Quiz

Random Language Quiz

Month Names Origins Quiz Stats

 Plays Quiz not verified by Sporcle

Support Sporcle.
Go Orange.
Score 0/12 Timer 02:00
0 Plays Today
Explanation Month % Correct
from the Latin for 'nine'November
90%
from the Latin for 'eight'October
87.5%
from the Latin for 'ten'December
86.3%
named after the Roman leader born during this monthJuly
85%
named after the Roman god of warMarch
83.8%
from the Latin for 'seven'September
82.5%
named after the first Roman emperorAugust
80%
either named after the Greek god of beauty and love, or from the Latin for 'to open; to bud'April
76.3%
named after the head Roman goddessJune
76.3%
named after the Roman god of doors, beginnings, sunset and sunriseJanuary
72.5%
named after the Greek goddess who is Hermes' (Mercury's) motherMay
72.5%
from the Latin for 'to purify,' it's named after the Roman festival of forgiveness for sinsFebruary
70%

You're not logged in!

Compare scores with friends on all Sporcle quizzes.
OR
Log In

From the Vault

Click the Simple Machines

by mhershfield

It doesn't get more simple than this.
Remove Ads.
Support Sporcle.
Get the best of Sporcle when you Go Orange. This ad-free experience offers more features, more stats, and more fun while also helping to support Sporcle. Thank you for becoming a member.

Show Comments

Extras

Created Mar 6, 2011SourceReportNominate
Tags:Explanation, month, origin

Top Quizzes Today


Score Distribution

Your Account Isn't Verified!

In order to create a playlist on Sporcle, you need to verify the email address you used during registration. Go to your Sporcle Settings to finish the process.

Report this User

Report this user for behavior that violates our Community Guidelines.

Details: